| 000 | 01067nam a22002537a 4500 | ||
|---|---|---|---|
| 999 |
_c1167 _d1167 |
||
| 003 | AR-CdUCM | ||
| 008 | 190226b ||||| |||| 00| 0 spa d | ||
| 020 | _a9500814730 | ||
| 040 |
_aMUNICIPALIDAD PROVINCIAL DEL CUSCO _cBIBLIOTECA MUNICIPAL DEL CUSCO |
||
| 041 | _heng | ||
| 082 |
_a303.4833 / _bN36 |
||
| 100 |
_aNegroponte, Nicholas _94575 |
||
| 245 |
_aSer digital (being digital) : _bel futuro ya está aquí, y sólo existen dos posibilidades: ser digital o no ser / |
||
| 260 |
_aBuenos Aires : _bAtlántida, _c1995. |
||
| 300 |
_a247 páginas ; _c23 cm. |
||
| 500 | _aDirector del laboratorio de medios del MIT | ||
| 505 | _aContenido: El ADN de la información -- El elenco de los bits -- La policía de los bits -- El negocio de los bits -- Donde el hombre y los bits se encuentran -- La era de la postinformación ... | ||
| 650 |
_aComunicaciones digitales _94576 |
||
| 650 |
_aRedes de computadoras _94577 |
||
| 650 |
_aTecnología y civilización _94578 |
||
| 700 |
_aPlacking, Dorotea (traductora) _94579 |
||
| 942 |
_2ddc _cLIBROS |
||
| 945 | _aachl | ||